| 000 | 00533nab a2200157Ia 4500 | ||
|---|---|---|---|
| 003 | ES-SlBCS | ||
| 005 | 20210601135202.0 | ||
| 008 | 140529s1991 xxu||||| |||| 00| 0 spa d | ||
| 041 | _aspa | ||
| 100 | 1 |
_aAramburu-Zabala Higuera, Pilar _9229034 |
|
| 245 | 0 | 0 |
_aConducta infantil y consumo de medicamentos _c Pilar Aramburu-Zabala Higuera, Aquilino Polaino-Lorente |
| 650 | 0 | 4 |
_aConducta Infantil _9148871 |
| 773 | 0 |
_tBordon _gvol. 43, nº. 3, 1991, págs. 339-348 _wRev1090 |
|
| 700 | 1 |
_aPolaino-Lorente, Aquilino _93187 |
|
| 942 | _cAR | ||
| 999 |
_c624253 _d624253 |
||